<?xml version="1.0" encoding="UTF-8"?><?xml-stylesheet type="text/xsl" href="static/style.xsl"?><OAI-PMH xmlns="http://www.openarchives.org/OAI/2.0/" xmlns:xsi="http://www.w3.org/2001/XMLSchema-instance" xsi:schemaLocation="http://www.openarchives.org/OAI/2.0/ http://www.openarchives.org/OAI/2.0/OAI-PMH.xsd"><responseDate>2026-06-01T12:31:55Z</responseDate><request verb="GetRecord" identifier="oai:riuma.uma.es:10630/33758" metadataPrefix="marc">https://riuma.uma.es/rest/oai/request</request><GetRecord><record><header><identifier>oai:riuma.uma.es:10630/33758</identifier><datestamp>2026-02-03T11:29:12Z</datestamp><setSpec>com_10630_2254</setSpec><setSpec>col_10630_37953</setSpec></header><metadata><record xmlns="http://www.loc.gov/MARC21/slim" xmlns:dcterms="http://purl.org/dc/terms/" xmlns:doc="http://www.lyncode.com/xoai" xmlns:xsi="http://www.w3.org/2001/XMLSchema-instance" xsi:schemaLocation="http://www.loc.gov/MARC21/slim http://www.loc.gov/standards/marcxml/schema/MARC21slim.xsd">
   <leader>00925njm 22002777a 4500</leader>
   <datafield ind2=" " ind1=" " tag="042">
      <subfield code="a">dc</subfield>
   </datafield>
   <datafield ind2=" " ind1=" " tag="720">
      <subfield code="a">Costa-Galinha, Iolanda</subfield>
      <subfield code="e">author</subfield>
   </datafield>
   <datafield ind2=" " ind1=" " tag="720">
      <subfield code="a">García-Martín, Miguel Ángel</subfield>
      <subfield code="e">author</subfield>
   </datafield>
   <datafield ind2=" " ind1=" " tag="720">
      <subfield code="a">Gomes, Clara</subfield>
      <subfield code="e">author</subfield>
   </datafield>
   <datafield ind2=" " ind1=" " tag="720">
      <subfield code="a">Oishi, Shigehiro</subfield>
      <subfield code="e">author</subfield>
   </datafield>
   <datafield ind2=" " ind1=" " tag="260">
      <subfield code="c">2016</subfield>
   </datafield>
   <datafield ind2=" " ind1=" " tag="520">
      <subfield code="a">The criteria for happiness of people living near the limit of survival needs in diverse&#xd;
cultural contexts allow us to understand the fundamental and universal or culturally&#xd;
specific sources of human happiness. Twenty-five participants (11 men, 14 women)&#xd;
from Maputo, Mozambique, M   37.36; SD   15.86 years old (19 to 80), reported a&#xd;
per capita monthly household income between 143 and 1,000 Meticals (3.86 and 27.03&#xd;
USD). Participants responded to (a) a semistructured interview about happiness, criteria&#xd;
for happiness, positive and negative life events, and hopes and fears for the future and&#xd;
(b) a structured interview about satisfaction in specific life domains and comparative&#xd;
income. Only 16% of the participants reported being happy. Participants said that when&#xd;
basic needs are not satisfied happiness is impossible. Overall, satisfaction with life in&#xd;
specific domains was higher because of satisfaction in nonmaterial domains. The main&#xd;
criteria for happiness were having basic living conditions, a job, and positive relation ships with family and neighbors. After survival needs were met, social, spiritual, and&#xd;
personal aspects of life became important for subjective well-being. Satisfaction with&#xd;
income was correlated with comparative income and not with objective income. Being&#xd;
able to provide wedding and funeral ceremonies and having good relationships with&#xd;
neighbors may be culturally specific criteria for happiness in Maputo. The breakup of&#xd;
marital relationships, family abandonment, and spousal infidelity (reported mainly by&#xd;
women) may be gender-specific sources of unhappiness in Maputo.</subfield>
   </datafield>
   <datafield ind1="8" ind2=" " tag="024">
      <subfield code="a">https://hdl.handle.net/10630/33758</subfield>
   </datafield>
   <datafield ind1="8" ind2=" " tag="024">
      <subfield code="a">10.1037/ipp0000053</subfield>
   </datafield>
   <datafield tag="653" ind2=" " ind1=" ">
      <subfield code="a">Pobreza - Aspectos psicológicos - Mozambique</subfield>
   </datafield>
   <datafield tag="653" ind2=" " ind1=" ">
      <subfield code="a">Felicidad - Mozambique</subfield>
   </datafield>
   <datafield ind2="0" ind1="0" tag="245">
      <subfield code="a">Criteria for Happiness Among People Living in Extreme Poverty in Maputo, Mozambique</subfield>
   </datafield>
</record>
</metadata></record></GetRecord></OAI-PMH>